Business communication : (Record no. 686)

000 -LEADER
fixed length control field 01233cam a2200385 a 4500
003 - CONTROL NUMBER IDENTIFIER
control field CaAEU
005 - DATE AND TIME OF LATEST TRANSACTION
control field 20210616102701.0
008 - FIXED-LENGTH DATA ELEMENTS--GENERAL INFORMATION
fixed length control field 020903s2007 onca b 001 0 eng
020 ## - INTERNATIONAL STANDARD BOOK NUMBER
International Standard Book Number 0176407103
040 ## - CATALOGING SOURCE
Transcribing agency CaOONL
050 ## - LIBRARY OF CONGRESS CALL NUMBER
Classification number HF5718.3
Item number .G82 2007
055 01 - CLASSIFICATION NUMBERS ASSIGNED IN CANADA
Classification number HF5718.3
055 #0 - CLASSIFICATION NUMBERS ASSIGNED IN CANADA
Classification number HF5718.3
Item number G82 2003
090 ## - LOCALLY ASSIGNED LC-TYPE CALL NUMBER (OCLC); LOCAL CALL NUMBER (RLIN)
Classification number (OCLC) (R) ; Classification number, CALL (RLIN) (NR) HF 5718.3 G844 2007
Local cutter number (OCLC) ; Book number/undivided call number, CALL (RLIN) AGPC
100 1# - MAIN ENTRY--PERSONAL NAME
Personal name Guffey, Mary Ellen.
245 10 - TITLE STATEMENT
Title Business communication :
Remainder of title process & product /
Statement of responsibility, etc. Mary Ellen Guffey, Kathleen Rhodes, Patricia Rogin.
250 ## - EDITION STATEMENT
Edition statement 2nd Brief Canadian ed.
260 ## - PUBLICATION, DISTRIBUTION, ETC.
Place of publication, distribution, etc. Scarborough, Ont. :
Name of publisher, distributor, etc. Nelson,
Date of publication, distribution, etc. c2007.
300 ## - PHYSICAL DESCRIPTION
Extent xvi, 425, [53] p. :
Other physical details col. ill. ;
Dimensions 26 cm.
336 ## - CONTENT TYPE
Content type term text
Content type code txt
Source rdacontent
337 ## - MEDIA TYPE
Media type term computer
Media type code c
Source rdamedia
338 ## - CARRIER TYPE
Carrier type term volume
Carrier type code nc
Source rdacarrier
504 ## - BIBLIOGRAPHY, ETC. NOTE
Bibliography, etc. note Includes bibliographical references and index.
650 #0 - SUBJECT ADDED ENTRY--TOPICAL TERM
Topical term or geographic name entry element Business communication
Form subdivision Textbooks.
650 #0 - SUBJECT ADDED ENTRY--TOPICAL TERM
Topical term or geographic name entry element Business writing
Form subdivision Textbooks.
700 1# - ADDED ENTRY--PERSONAL NAME
Personal name Rogin, Patricia,
Dates associated with a name 1958-
700 1# - ADDED ENTRY--PERSONAL NAME
Personal name Rhodes, Kathleen,
Dates associated with a name 1951-
942 ## - ADDED ENTRY ELEMENTS (KOHA)
Source of classification or shelving scheme
Koha item type Book
Suppress in OPAC SO
Holdings
Withdrawn status Lost status Source of classification or shelving scheme Damaged status Not for loan Permanent Location Current Location Shelving location Date acquired Total Checkouts Full call number Barcode Date last seen Price effective from Koha item type Public note
          AU LIBRARY AU LIBRARY Open Shelf 16.06.2021   HF5718.3 .G82 2007 28001223 16.06.2021 16.06.2021 Book SO

Powered by Koha